000 01009nam a2200265Ia 4500
003 OSt
005 20220923211300.0
006 a|||||r|||| 00| 0
007 ta
008 220922b |||||||| |||| 00| 0 hin d
020 _a9788179171165 (hbk)
_c425
024 _a285,478
037 _b25, 02/02/2015, P. K. Books
_cTextual
040 _aARTS
_cARTS
_bhin
041 _2hin
_ahin
082 _aV2.J, 152P7
100 _aसतीषचंद्र
245 0 _aमध्यकालीन भारत में इतिहास लेखन धर्म और राज्य का स्वरूप
246 _aMadhyakālīn bhārat mean itihās lekhan dharma aur rājya kā svarūpa
260 _aनई दिल्ली
_b ग्रंथ शिल्पी
_c2013
300 _a192पृ.
_ccm.
650 _aविश्व-इतिहास
942 _hV2.J, 152P7
_cTEXL
_2CC
999 _c298106
_d298106